Ecu : the currency of Europe
Αποθηκεύτηκε σε:
| Άλλοι συγγραφείς: | |
|---|---|
| Μορφή: | Βιβλίο |
| Γλώσσα: | English |
| Δημοσίευση: |
London :
Euromoney Books,
c1991
|
| Θέματα: | |
| Ετικέτες: |
Προσθήκη ετικέτας
Δεν υπάρχουν, Καταχωρήστε ετικέτα πρώτοι!
|
MARC
| LEADER | 00000nam a2200000 i 4500 | ||
|---|---|---|---|
| 001 | 1/20641 | ||
| 008 | 930827s1991 eng d | ||
| 020 | |a 1855640090 | ||
| 035 | |l 10021583 | ||
| 040 | |a GR-MY-UA |b gre |e aacr | ||
| 041 | 0 | |a eng | |
| 082 | 0 | |a 332.4566094 |2 (20) | |
| 245 | 1 | 0 | |a Ecu : |b the currency of Europe / |c edited by Christopher Johnson |
| 260 | |a London : |b Euromoney Books, |c c1991 | ||
| 300 | |a 259 p.; |b ill. (some col.); |c 27 cm. | ||
| 500 | |a Published in association with Bano Bilbao Vizcaya and others | ||
| 504 | |a Includes bibliographical references | ||
| 650 | 0 | 0 | |a European currency unit. |
| 650 | 0 | 0 | |a Money |z European Economic Community countries. |
| 650 | 0 | 0 | |a Monetary policy |z European Economic Community countries. |
| 700 | 1 | |a Johnson, Christopher |d 1931- |4 edt | |
| 852 | |a INST |b CHIOS |e 19930827 |h 332.4566094 ECU |p 005200003383 |q 005200003383 |t BK |y 0 | ||
| 909 | |a Χ |b 027573 | ||